Thesis Open Access

Practices And Challenges Of Public Property Management In Dire Dawa Administration The Case Of Agricultural Bureau

Hamdil Teha


MARC21 XML Export

<?xml version='1.0' encoding='UTF-8'?>
<record xmlns="http://www.loc.gov/MARC21/slim">
  <leader>00000nam##2200000uu#4500</leader>
  <datafield tag="653" ind1=" " ind2=" ">
    <subfield code="a">inventory management, plan, information communication technology, public  property management stuff structure, storage of materials and public property administration  performance</subfield>
  </datafield>
  <controlfield tag="005">20251023115421.0</controlfield>
  <controlfield tag="001">20562</controlfield>
  <datafield tag="856" ind1="4" ind2=" ">
    <subfield code="s">1372308</subfield>
    <subfield code="z">md5:f8ebe8e5ef382d042f662ac3db88f5af</subfield>
    <subfield code="u">https://zenodo.org/record/20562/files/Hamdil Teha.pdf</subfield>
  </datafield>
  <datafield tag="542" ind1=" " ind2=" ">
    <subfield code="l">open</subfield>
  </datafield>
  <datafield tag="260" ind1=" " ind2=" ">
    <subfield code="c">2025-10-23</subfield>
  </datafield>
  <datafield tag="909" ind1="C" ind2="O">
    <subfield code="p">user-ddu-business-economics</subfield>
    <subfield code="o">oai:zenodo.org:20562</subfield>
  </datafield>
  <datafield tag="100" ind1=" " ind2=" ">
    <subfield code="a">Hamdil Teha</subfield>
  </datafield>
  <datafield tag="245" ind1=" " ind2=" ">
    <subfield code="a">Practices And Challenges Of Public Property Management  In Dire Dawa Administration  The Case Of Agricultural Bureau</subfield>
  </datafield>
  <datafield tag="980" ind1=" " ind2=" ">
    <subfield code="a">user-ddu-business-economics</subfield>
  </datafield>
  <datafield tag="540" ind1=" " ind2=" ">
    <subfield code="u">http://www.opendefinition.org/licenses/cc-by</subfield>
    <subfield code="a">Creative Commons Attribution</subfield>
  </datafield>
  <datafield tag="650" ind1="1" ind2="7">
    <subfield code="a">cc-by</subfield>
    <subfield code="2">opendefinition.org</subfield>
  </datafield>
  <datafield tag="520" ind1=" " ind2=" ">
    <subfield code="a">&lt;p&gt;The purpose of this research was to analyzes the practice and challenges of public property administration in case of Diredawa city agricultural bureau. The descriptive survey approach used in this study to describe records, analyses and interpret the nature of the problem under investigation based on the opinions of the respondents. The study employed descriptive survey design and used both qualitative and quantitative data. The study used 206 sample which drawn from 427 total population using purposive sampling method. Data were collected through questionnaire from 186 employees and heads of government sectors. Some of stuffs their work related to property administration were interviewed. Additionally, observation was used in data gathering. From the total questionnaires distributed 186 were returned. The collected data was analyzed using both descriptive statistics and inferential statistics such as correlation and linear regression. Based on the findings of the study, inventory management, budgetary allocation, plan, information communication technology and property administration staff structure have significant relationship and affect public property administration performance. Based on these findings, the study also recommends points that should be considered regarding, that lack of understanding and enforcing rules, regulations and directive, established system to enhancing understanding, handling and disposing fixed asset according to rules, regulations and directive, specifying fixed asset and lack of positioning sufficient and experienced professionals. The researcher recommended enhancing understanding of heads of public sectors as well as employees by establishing systems, maintaining accountability system in public property administration, fully applying of rules, regulations and directive, establishment of modern property management method and using professionals.&lt;/p&gt;</subfield>
  </datafield>
  <datafield tag="773" ind1=" " ind2=" ">
    <subfield code="n">doi</subfield>
    <subfield code="i">isVersionOf</subfield>
    <subfield code="a">10.20372/nadre:20561</subfield>
  </datafield>
  <datafield tag="024" ind1=" " ind2=" ">
    <subfield code="a">10.20372/nadre:20562</subfield>
    <subfield code="2">doi</subfield>
  </datafield>
  <datafield tag="980" ind1=" " ind2=" ">
    <subfield code="a">publication</subfield>
    <subfield code="b">thesis</subfield>
  </datafield>
</record>
0
0
views
downloads
All versions This version
Views 00
Downloads 00
Data volume 0 Bytes0 Bytes
Unique views 00
Unique downloads 00

Share

Cite as